000
00324pab a2200145 454500
008
180718b1991 xxu||||| |||| 00| 0 eng d
100
_a
Desai, V.H.
245
_a
"The democrat" - down the memory lane
260
_c
1991
300
_a
15-16
362
_a
15 Apr.
650
_a
Democracy
773
_a
Yojana
909
_a
7162
999
_c
7162
_d
7162